[Event "Attica-ch U08/20"]
[Site "Athens"]
[Date "2009.12.23"]
[Round "1"]
[White "Kountardas, Panagiotis"]
[Black "Anagnostopoulos, Fotios"]
[Result "1-0"]
[WhiteElo "1788"]
[BlackElo "1040"]
[PlyCount "49"]
[EventDate "2009.12.23"]
[EventType "swiss"]
[EventRounds "7"]
[EventCountry "GRE"]
[SourceTitle "EXT 2011"]
[Source "ChessBase"]
[SourceDate "2010.11.26"]
[SourceVersion "1"]
[SourceVersionDate "2010.11.26"]
[SourceQuality "1"]

1. d4 Nf6 2. Bf4 e6 3. e3 g6 4. Be2 b6 5. Nf3 Bb7 6. 0-0 Bg7 7. a3 d6 8. Nbd2 0-0 9. c4 Nbd7 10. Rc1 Qe7 11. Bg3 c5 12. b4 a5 13. bxc5 bxc5 14. Rb1 Bc6 15. Nb3 a4 16. Nc1 Rab8 17. Rxb8 Rxb8 18. dxc5 Rb7 19. cxd6 Qd8 20. Nd4 Nb8 21. Nxc6 Nxc6 22. Qxa4 Nb8 23. c5 Qc8 24. Nd3 Nbd7 25. c6 1-0